000 00564nam a2200157 a 4500
001 000029715
005 20240306073908.0
008 110425s1947 dr 000 0 spa d
040 _aDO-SdBNP
_bspa
_cBNPHU
082 _axxx
_bP438s
100 1 _aPérez, Carlos Federico,
_d1912-1984
_924849
245 1 0 _aSobre cultura hispanica /
_cCarlos Federico Pérez ; palabras preliminares Pedro Troncoso Sánchez.
260 _aCiudad Trujillo, República Dominicana :
_bMontalvo,
_c1947.
300 _a36 p. ;
_c25 cm.
700 1 _aTroncoso Sánchez, Pedro,
_d1904-1989
_923599
999 _c29207
_d29207